Number of companies in PFI expected to fall (Record no. 71733)
[ view plain ]
| 000 -LEADER | |
|---|---|
| fixed length control field | 01140cam a2200229 4500 |
| 001 - CONTROL NUMBER | |
| control field | WB3846-07 |
| 008 - FIXED-LENGTH DATA ELEMENTS--GENERAL INFORMATION | |
| fixed length control field | 021211n2002 000 0 eng u |
| 035 ## - SYSTEM CONTROL NUMBER | |
| System control number | (Sirsi) u120722 |
| 245 ## - TITLE STATEMENT | |
| Title | Number of companies in PFI expected to fall |
| 260 ## - PUBLICATION, DISTRIBUTION, ETC. | |
| Date of publication, distribution, etc. | 2002 |
| 490 ## - SERIES STATEMENT | |
| Series statement | RICS Facilities Management Faculty News |
| Volume/sequential designation | 6 December 2002, (1) |
| 520 ## - SUMMARY, ETC. | |
| Summary, etc. | Study by the International Project Finance Association of project sponsors, funders and advisors has found that the majority expect a decline in the number of private companies bidding for future work. The reasons for this include a decline in share prices and revised accounting proceedures. However most private sector organisations are happy with how the public sector handles PFI. For the RICS Facilities Management News: http://www.rics.org/ricscms/bin/show?class=News&template=/includes/shownews.html&id=4383 |
| 590 ## - LOCAL NOTE (RLIN) | |
| Local note | WB |
| 650 ## - SUBJECT ADDED ENTRY--TOPICAL TERM | |
| Topical term or geographic name entry element | PFI |
| 650 ## - SUBJECT ADDED ENTRY--TOPICAL TERM | |
| Topical term or geographic name entry element | PFI CONTRACTS |
| 650 ## - SUBJECT ADDED ENTRY--TOPICAL TERM | |
| Topical term or geographic name entry element | BIDDING |
| 650 ## - SUBJECT ADDED ENTRY--TOPICAL TERM | |
| Topical term or geographic name entry element | PUBLIC SECTOR |
| 650 ## - SUBJECT ADDED ENTRY--TOPICAL TERM | |
| Topical term or geographic name entry element | OFFICE OF GOVERNMENT COMMERCE |
| 650 ## - SUBJECT ADDED ENTRY--TOPICAL TERM | |
| Topical term or geographic name entry element | PARTNERSHIPS UK |
| 690 ## - LOCAL SUBJECT ADDED ENTRY--TOPICAL TERM (OCLC, RLIN) | |
| Topical term or geographic name as entry element | MANAGEMENT-BUSINESS MANAGEMENT-FINANCIAL MANAGEMENT |
| 942 ## - ADDED ENTRY ELEMENTS (KOHA) | |
| Suppress in OPAC | 0 |
| Withdrawn status | Lost status | Source of classification or shelving scheme | Damaged status | Not for loan | Home library | Current library | Shelving location | Date acquired | Total Checkouts | Full call number | Barcode | Date last seen | Copy number | Price effective from | Koha item type |
|---|---|---|---|---|---|---|---|---|---|---|---|---|---|---|---|
| Dewey Decimal Classification | London | London | News article | 11/12/2002 | WB3846-07 | 120722-1001 | 06/08/2019 | 1 | 06/08/2019 | News article |